000 00306 a2200121 4500
999 _c321847
_d321847
001 86774
003 NUST
005 20180123152136.0
008 180123b xxu||||| |||| 00| 0 eng d
082 _a616.8527 STE
100 _aStephen, Anson
_99618
245 _aA Simple Guide to Depression
_hEnglish
260 _aUK
_bCSF Medical Communication
_c2005
300 _a120p.
942 _aCAE NUST
_cBK
_k616.8527 STE
_2ddc